Statistics for Biggest Trading Partners - Qatar

Click here to take the quiz!

General Stats

  • This quiz has been taken 15 times
  • The average score is 16 of 20

Answer Stats

Export (By Percent)Country% Correct
2. 14.6%United States
100%
1. 15.9%China
93%
1. 16.2%China
93%
10. 2.7%France
93%
8. 4.9%Italy
93%
4. 5.7%Italy
93%
4. 9.6%Japan
93%
5. 6.5%United Kingdom
93%
7. 4.0%United Kingdom
93%
5. 5.0%Germany
86%
9. 4.4%United Arab Emirates
86%
2. 11.6%India
79%
3. 6.2%India
79%
9. 3.0%Oman
71%
3. 10.9%South Korea
71%
6. 4.3%Türkiye
71%
7. 5.1%Singapore
64%
8. 3.2%Switzerland
57%
10. 3.0%Pakistan
50%
6. 5.5%Belgium
43%

Score Distribution

Percentile by Number Answered

Percent of People with Each Score

Your Score History

You have not taken this quiz